| 000 | 00730nam a2200193 a 4500 | ||
|---|---|---|---|
| 001 | 000870425 | ||
| 003 | AM-YEHGA | ||
| 005 | 20250617163825.0 | ||
| 008 | 120228s1961 ru r 000 0 rus d | ||
| 040 | _aAM-YeHGA | ||
| 041 | 0 | _arus | |
| 100 | 1 | _aГаненко, Иван Гаврилович | |
| 245 | 1 | 0 |
_aИльм мелколистный в озеленении городов и рабочих поселков / _cИ.Г. Ганенко. |
| 250 | _a2-е изд. | ||
| 260 |
_aМ. : _bМин-ва коммунального хозяйства РСФСР, _c1961. |
||
| 300 |
_a19 с. : _bрис. ; _c20 см. |
||
| 650 | 1 | 4 | _aПлодоводство, ягодоводство и лесоводство |
| 090 | _c516780 | ||
| 999 |
_c513265 _d513265 |
||